| 000 | 01530nam a2200361 c 4500 | ||
|---|---|---|---|
| 003 | BLK | ||
| 005 | 20180422102426.0 | ||
| 008 | 180408b bul|||||r ||||||| ||bul|| | ||
| 010 | _aKNG00065324000 | ||
| 040 | _aBLK | ||
| 041 |
_aBUL _cBUL |
||
| 080 |
_aСпециална библиография _b016 _x:949.72 _z016:949.72 |
||
| 080 |
_aИстория на България _b94(497.2) _x(01) _z94(497.2)(01) |
||
| 080 |
_aСпециална библиография _b016 _x:886.7.09 _z016:886.7.09 |
||
| 080 |
_aБългарска литература _b821.163.2 _x.09(01) _z821.163.2.09(01) |
||
| 700 | 1 |
_aПетрова, Иванка Апостолова _eсъстав. _9366033 |
|
| 139 |
_aИсторията на България в мемоарната литература _bИ 95 |
||
| 245 | 1 | 0 |
_aИсторията на България в мемоарната литература _bБиблиогр. указ. : Ч. 1 - _cсъстав. Иванка Апостолова Петрова. _nЧ. 2 |
| 257 | _aBGR | ||
| 260 |
_аСофия _bНар. библ. Св. св. Кирил и Методий _c1985 - |
||
| 300 | _c23 см | ||
| 380 | _a0 | ||
| 653 | _aистория | ||
| 653 | _aБългария | ||
| 653 | _aлитература | ||
| 653 | _aбиблиографски указатели | ||
| 760 | 1 |
_d1985 _h238 с., 23 см _tЧ. 2 |
|
| 852 | _aЦб 132626 | ||
| 856 | 4 |
_qpdf _u |
|
| 856 | 4 |
_qpdf _u |
|
| 942 |
_cKNG _n0 |
||
| 944 |
_aCR _c13.06.2004 _kНаталия_Медовщикова |
||
| 944 |
_aED _c19.03.2014 _k |
||
| 999 |
_c61131 _d61131 |
||